[Event "DVM U12 2022"]
[Site "München GER"]
[Date "2022.12.28"]
[Round "4"]
[White "Büchel, David"]
[Black "Müller, Anker"]
[Result "1-0"]
[Termination "normal"]
[Board "2.2"]
[WhiteElo "1611"]
[BlackElo "1509"]
[WhiteClock "00:25:33"]
[BlackClock "01:07:41"]
[WhiteTeam "SF München"]
[BlackTeam "SV Empor Berlin"]
[PlyCount "81"]
[WhiteFideId "34603689"]
[BlackFideId "1472070"]
[EventCountry "GER"]
[EventRounds "7"]
[EventType "team-swiss"]
[EventDate "2022.12.26"]

1. e4 {[%clk 01:30:57]} {[%emt 00:00:02]} c6 {[%clk 01:31:00]} 2. Nf3 {[%clk
01:31:20]} {[%emt 00:00:07]} d5 {[%clk 01:31:29]} {[%emt 00:00:01]} 3. Nc3
{[%clk 01:31:40]} {[%emt 00:00:10]} dxe4 {[%clk 01:31:45]} {[%emt 00:00:14]} 4.
Nxe4 {[%clk 01:31:58]} {[%emt 00:00:12]} Nf6 {[%clk 01:32:11]} {[%emt
00:00:04]} 5. Qe2 {[%clk 01:31:43]} {[%emt 00:00:45]} Nxe4 {[%clk 01:31:58]}
{[%emt 00:00:42]} 6. Qxe4 {[%clk 01:32:02]} {[%emt 00:00:11]} Nd7 {[%clk
01:32:26]} {[%emt 00:00:02]} 7. Bc4 {[%clk 01:32:18]} {[%emt 00:00:14]} Nf6
{[%clk 01:32:46]} {[%emt 00:00:10]} 8. Ne5 {[%clk 01:31:22]} {[%emt 00:01:26]}
e6 {[%clk 01:33:08]} {[%emt 00:00:08]} 9. Qe2 {[%clk 01:31:47]} {[%emt
00:00:05]} Bd6 {[%clk 01:33:05]} {[%emt 00:00:33]} 10. O-O {[%clk 01:29:28]}
{[%emt 00:02:49]} O-O {[%clk 01:33:13]} {[%emt 00:00:23]} 11. d4 {[%clk
01:27:49]} {[%emt 00:02:09]} Qc7 {[%clk 01:32:45]} {[%emt 00:00:56]} 12. f4
{[%clk 01:26:42]} {[%emt 00:01:39]} b5 {[%clk 01:32:13]} {[%emt 00:01:02]} 13.
Bd3 {[%clk 01:22:56]} {[%emt 00:04:16]} Bb7 {[%clk 01:31:24]} {[%emt 00:01:18]}
14. b3 {[%clk 01:19:36]} {[%emt 00:03:51]} Qb6 {[%clk 01:29:43]} {[%emt
00:02:10]} 15. Bb2 {[%clk 01:15:29]} {[%emt 00:04:38]} Nd5 {[%clk 01:24:05]}
{[%emt 00:06:06]} 16. Nd7 {[%clk 01:13:27]} {[%emt 00:02:34]} Qc7 {[%clk
01:24:14]} {[%emt 00:00:21]} 17. Nxf8 {[%clk 01:13:34]} {[%emt 00:00:23]} Nxf4
{[%clk 01:23:33]} {[%emt 00:01:12]} 18. Rxf4 {[%clk 00:53:19]} {[%emt
00:20:46]} Bxf4 {[%clk 01:23:27]} {[%emt 00:00:36]} 19. Nxe6 {[%clk 00:50:52]}
{[%emt 00:02:57]} fxe6 {[%clk 01:17:54]} {[%emt 00:06:03]} 20. Qxe6 {[%clk
00:50:45]} {[%emt 00:00:36]} Kh8 {[%clk 01:16:35]} {[%emt 00:01:49]} 21. Qf5
{[%clk 00:43:59]} {[%emt 00:07:15]} g6 {[%clk 01:15:15]} {[%emt 00:01:51]} 22.
Qf6 {[%clk 00:38:44]} {[%emt 00:05:44]} Kg8 {[%clk 01:15:37]} {[%emt 00:00:08]}
23. Qe6 {[%clk 00:38:55]} {[%emt 00:00:19]} Kg7 {[%clk 01:13:50]} {[%emt
00:02:18]} 24. d5 {[%clk 00:31:50]} {[%emt 00:07:34]} Kh6 {[%clk 01:14:09]}
{[%emt 00:00:11]} 25. Qh3 {[%clk 00:32:08]} {[%emt 00:00:10]} Kg5 {[%clk
01:14:32]} {[%emt 00:00:10]} 26. g3 {[%clk 00:29:41]} {[%emt 00:02:57]} Be3
{[%clk 01:14:30]} {[%emt 00:00:32]} 27. Kh1 {[%clk 00:28:29]} {[%emt 00:01:42]}
h5 {[%clk 01:14:35]} {[%emt 00:00:25]} 28. Qh4 {[%clk 00:28:23]} {[%emt
00:00:36]} Kh6 {[%clk 01:14:58]} {[%emt 00:00:06]} 29. Qe4 {[%clk 00:28:35]}
{[%emt 00:00:16]} Qd6 {[%clk 01:12:55]} {[%emt 00:02:35]} 30. Qxe3 {[%clk
00:28:35]} {[%emt 00:00:31]} Kh7 {[%clk 01:13:23]} {[%emt 00:00:02]} 31. Qe5
{[%clk 00:26:28]} {[%emt 00:02:36]} Qxd5 {[%clk 01:13:24]} {[%emt 00:00:30]}
32. Qxd5 {[%clk 00:26:46]} {[%emt 00:00:13]} cxd5 {[%clk 01:13:51]} {[%emt
00:00:03]} 33. Bxb5 {[%clk 00:27:02]} {[%emt 00:00:14]} Rc8 {[%clk 01:13:36]}
{[%emt 00:00:44]} 34. Bd3 {[%clk 00:27:09]} {[%emt 00:00:23]} Rf8 {[%clk
01:11:17]} {[%emt 00:02:49]} 35. Rf1 {[%clk 00:26:40]} {[%emt 00:00:51]} Rxf1
{[%clk 01:07:22]} {[%emt 00:04:34]} 36. Bxf1 {[%clk 00:25:41]} {[%emt
00:01:29]} Kh6 {[%clk 01:06:58]} {[%emt 00:00:54]} 37. Bd4 {[%clk 00:24:50]}
{[%emt 00:01:20]} a5 {[%clk 01:06:42]} {[%emt 00:00:46]} 38. Kg1 {[%clk
00:24:56]} {[%emt 00:00:25]} Kg5 {[%clk 01:06:57]} {[%emt 00:00:15]} 39. a4
{[%clk 00:25:01]} {[%emt 00:00:25]} Kf5 {[%clk 01:07:16]} {[%emt 00:00:10]} 40.
Bd3 {[%clk 00:25:21]} {[%emt 00:00:11]} Kg5 {[%clk 01:07:41]} {[%emt 00:00:05]}
41. Bb6 {[%clk 00:25:33]} {[%emt 00:00:18]} 1-0

[Event "DVM U12 2022"]
[Site "München GER"]
[Date "2022.12.28"]
[Round "4"]
[White "Freude, Paul"]
[Black "Merenda, Lukas-Benedikt"]
[Result "1-0"]
[Termination "normal"]
[Board "2.3"]
[WhiteElo "1491"]
[BlackElo "1502"]
[WhiteClock "01:16:03"]
[BlackClock "01:14:32"]
[WhiteTeam "SV Empor Berlin"]
[BlackTeam "SF München"]
[PlyCount "33"]
[WhiteFideId "16280717"]
[BlackFideId "34603336"]
[EventCountry "GER"]
[EventRounds "7"]
[EventType "team-swiss"]
[EventDate "2022.12.26"]

1. e4 {[%clk 01:30:49]} {[%emt 00:00:10]} c5 {[%clk 01:30:55]} {[%emt
00:00:05]} 2. Nf3 {[%clk 01:31:14]} {[%emt 00:00:04]} Nc6 {[%clk 01:31:22]}
{[%emt 00:00:04]} 3. d4 {[%clk 01:31:40]} {[%emt 00:00:05]} cxd4 {[%clk
01:31:49]} {[%emt 00:00:03]} 4. Nxd4 {[%clk 01:32:06]} {[%emt 00:00:04]} Nf6
{[%clk 01:32:16]} {[%emt 00:00:03]} 5. Nc3 {[%clk 01:32:31]} {[%emt 00:00:05]}
e5 {[%clk 01:32:40]} {[%emt 00:00:05]} 6. Ndb5 {[%clk 01:32:58]} {[%emt
00:00:03]} d6 {[%clk 01:33:07]} {[%emt 00:00:04]} 7. Bg5 {[%clk 01:33:21]}
{[%emt 00:00:07]} a6 {[%clk 01:33:32]} {[%emt 00:00:05]} 8. Na3 {[%clk
01:33:48]} {[%emt 00:00:04]} b5 {[%clk 01:33:55]} {[%emt 00:00:06]} 9. Nd5
{[%clk 01:34:05]} {[%emt 00:00:13]} Be7 {[%clk 01:34:20]} {[%emt 00:00:05]} 10.
Bxf6 {[%clk 01:34:30]} {[%emt 00:00:05]} Bxf6 {[%clk 01:34:47]} {[%emt
00:00:03]} 11. c3 {[%clk 01:34:13]} {[%emt 00:00:47]} O-O {[%clk 01:34:59]}
{[%emt 00:00:19]} 12. Be2 {[%clk 01:34:08]} {[%emt 00:00:35]} Bg5 {[%clk
01:26:29]} {[%emt 00:08:58]} 13. O-O {[%clk 01:33:59]} {[%emt 00:00:40]} Ne7
{[%clk 01:23:49]} {[%emt 00:03:10]} 14. Nc2 {[%clk 01:31:59]} {[%emt 00:02:31]}
Nxd5 {[%clk 01:22:29]} {[%emt 00:01:51]} 15. Qxd5 {[%clk 01:30:19]} {[%emt
00:02:10]} Qc7 {[%clk 01:17:20]} {[%emt 00:05:39]} 16. Rad1 {[%clk 01:22:17]}
{[%emt 00:08:31]} Rd8 {[%clk 01:14:32]} {[%emt 00:03:18]} 17. Nb4 {[%clk
01:16:03]} {[%emt 00:06:44]} 1-0

[Event "DVM U12 2022"]
[Site "München GER"]
[Date "2022.12.28"]
[Round "4"]
[White "Kaushal, Vedarth"]
[Black "Jankowski, Antoni"]
[Result "0-1"]
[Termination "normal"]
[Board "2.4"]
[WhiteElo "1139"]
[BlackElo "1119"]
[WhiteClock "00:36:44"]
[BlackClock "01:24:14"]
[WhiteTeam "SF München"]
[BlackTeam "SV Empor Berlin"]
[PlyCount "76"]
[WhiteFideId "34631135"]
[BlackFideId "21076642"]
[EventCountry "GER"]
[EventRounds "7"]
[EventType "team-swiss"]
[EventDate "2022.12.26"]

1. e4 {[%clk 01:30:59]} c6 {[%clk 01:30:59]} {[%emt 00:00:01]} 2. Nc3 {[%clk
01:31:10]} {[%emt 00:00:19]} d5 {[%clk 01:31:27]} {[%emt 00:00:02]} 3. Nf3
{[%clk 01:31:13]} {[%emt 00:00:28]} dxe4 {[%clk 01:31:54]} {[%emt 00:00:02]} 4.
Nxe4 {[%clk 01:31:19]} {[%emt 00:00:24]} Nf6 {[%clk 01:32:22]} {[%emt
00:00:02]} 5. Nxf6 {[%clk 01:30:54]} {[%emt 00:00:54]} exf6 {[%clk 01:32:51]}
{[%emt 00:00:02]} 6. Bc4 {[%clk 01:30:19]} {[%emt 00:01:05]} Bg4 {[%clk
01:32:54]} {[%emt 00:00:26]} 7. h3 {[%clk 01:30:37]} {[%emt 00:00:13]} Bh5
{[%clk 01:33:22]} {[%emt 00:00:02]} 8. d3 {[%clk 01:29:47]} {[%emt 00:01:20]}
Bc5 {[%clk 01:33:34]} {[%emt 00:00:18]} 9. g4 {[%clk 01:28:44]} {[%emt
00:01:33]} Bg6 {[%clk 01:33:53]} {[%emt 00:00:11]} 10. Nh4 {[%clk 01:29:01]}
{[%emt 00:00:14]} Nd7 {[%clk 01:31:37]} {[%emt 00:02:45]} 11. Nxg6 {[%clk
01:28:34]} {[%emt 00:00:58]} fxg6 {[%clk 01:31:49]} {[%emt 00:00:18]} 12. Bf4
{[%clk 01:22:11]} {[%emt 00:06:52]} Nb6 {[%clk 01:31:59]} {[%emt 00:00:21]} 13.
Bb3 {[%clk 01:21:52]} {[%emt 00:00:50]} Nd5 {[%clk 01:32:01]} {[%emt 00:00:27]}
14. Bg3 {[%clk 01:20:23]} {[%emt 00:01:59]} O-O {[%clk 01:29:43]} {[%emt
00:02:49]} 15. d4 {[%clk 01:20:11]} {[%emt 00:00:42]} Be7 {[%clk 01:29:38]}
{[%emt 00:00:35]} 16. Qd3 {[%clk 01:16:49]} {[%emt 00:03:51]} Kh8 {[%clk
01:29:25]} {[%emt 00:00:44]} 17. O-O-O {[%clk 01:15:54]} {[%emt 00:01:25]} b5
{[%clk 01:29:11]} {[%emt 00:00:43]} 18. h4 {[%clk 01:13:15]} {[%emt 00:03:11]}
a5 {[%clk 01:29:14]} {[%emt 00:00:24]} 19. Bxd5 {[%clk 01:10:57]} {[%emt
00:02:48]} Qxd5 {[%clk 01:29:11]} {[%emt 00:00:34]} 20. Kb1 {[%clk 01:05:22]}
{[%emt 00:06:05]} a4 {[%clk 01:29:09]} {[%emt 00:00:32]} 21. h5 {[%clk
01:03:12]} {[%emt 00:02:41]} g5 {[%clk 01:28:54]} {[%emt 00:00:44]} 22. Rh2
{[%clk 00:53:27]} {[%emt 00:10:15]} b4 {[%clk 01:27:38]} {[%emt 00:01:46]} 23.
b3 {[%clk 00:52:55]} {[%emt 00:01:01]} Qa5 {[%clk 01:26:12]} {[%emt 00:01:55]}
24. Qf5 {[%clk 00:48:09]} {[%emt 00:05:18]} axb3 {[%clk 01:25:44]} {[%emt
00:00:57]} 25. Qxa5 {[%clk 00:47:58]} {[%emt 00:00:41]} bxc2 {[%clk 01:25:51]}
{[%emt 00:00:23]} 26. Kxc2 {[%clk 00:47:49]} {[%emt 00:00:39]} Rxa5 {[%clk
01:26:17]} {[%emt 00:00:04]} 27. Kb3 {[%clk 00:48:07]} {[%emt 00:00:13]} Ra3
{[%clk 01:23:54]} {[%emt 00:02:52]} 28. Kb2 {[%clk 00:48:12]} {[%emt 00:00:25]}
Rfa8 {[%clk 01:23:37]} {[%emt 00:00:46]} 29. Ra1 {[%clk 00:46:16]} {[%emt
00:02:27]} c5 {[%clk 01:23:41]} {[%emt 00:00:26]} 30. d5 {[%clk 00:45:16]}
{[%emt 00:01:30]} Rd3 {[%clk 01:23:52]} {[%emt 00:00:18]} 31. d6 {[%clk
00:41:58]} {[%emt 00:03:49]} Bxd6 {[%clk 01:24:11]} {[%emt 00:00:10]} 32. Bxd6
{[%clk 00:42:17]} {[%emt 00:00:12]} Rxd6 {[%clk 01:24:39]} {[%emt 00:00:02]}
33. Rc1 {[%clk 00:41:46]} {[%emt 00:01:01]} Rd2 {[%clk 01:24:20]} {[%emt
00:00:48]} 34. Kb3 {[%clk 00:41:23]} {[%emt 00:00:53]} Ra5 {[%clk 01:23:29]}
{[%emt 00:01:21]} 35. Re1 {[%clk 00:39:00]} {[%emt 00:02:52]} h6 {[%clk
01:23:41]} {[%emt 00:00:19]} 36. Re8 {[%clk 00:37:21]} {[%emt 00:02:09]} Kh7
{[%clk 01:24:10]} {[%emt 00:00:02]} 37. Rc8 {[%clk 00:37:35]} {[%emt 00:00:15]}
Rdxa2 {[%clk 01:23:52]} {[%emt 00:00:47]} 38. Rh3 {[%clk 00:36:44]} {[%emt
00:01:22]} R2a3 {[%clk 01:24:14]} {[%emt 00:00:08]} 0-1

[Event "DVM U12 2022"]
[Site "München GER"]
[Date "2022.12.28"]
[Round "4"]
[White "Meusel, Theodor"]
[Black "Cao, Yuanshu"]
[Result "1-0"]
[Termination "normal"]
[Board "3.1"]
[WhiteElo "1449"]
[BlackElo "1489"]
[WhiteClock "00:37:53"]
[BlackClock "00:45:52"]
[WhiteTeam "TSG Oberschöneweide"]
[BlackTeam "SchachAkademiePaderborn"]
[PlyCount "135"]
[WhiteFideId "34617116"]
[BlackFideId "34640428"]
[EventCountry "GER"]
[EventRounds "7"]
[EventType "team-swiss"]
[EventDate "2022.12.26"]

1. c4 {[%clk 01:30:58]} {[%emt 00:00:02]} Nf6 {[%clk 01:30:55]} {[%emt
00:00:05]} 2. g3 {[%clk 01:31:22]} {[%emt 00:00:06]} g6 {[%clk 01:31:20]}
{[%emt 00:00:06]} 3. Bg2 {[%clk 01:31:45]} {[%emt 00:00:07]} Bg7 {[%clk
01:31:44]} {[%emt 00:00:06]} 4. Nc3 {[%clk 01:32:02]} {[%emt 00:00:13]} O-O
{[%clk 01:32:06]} {[%emt 00:00:08]} 5. e4 {[%clk 01:32:03]} {[%emt 00:00:28]}
d6 {[%clk 01:32:21]} {[%emt 00:00:16]} 6. Nge2 {[%clk 01:32:16]} {[%emt
00:00:16]} c5 {[%clk 01:32:15]} {[%emt 00:00:37]} 7. O-O {[%clk 01:32:21]}
{[%emt 00:00:25]} Nc6 {[%clk 01:32:16]} {[%emt 00:00:29]} 8. d3 {[%clk
01:32:20]} {[%emt 00:00:31]} Ng4 {[%clk 01:31:07]} {[%emt 00:01:39]} 9. h3
{[%clk 01:31:19]} {[%emt 00:01:31]} Nge5 {[%clk 01:31:19]} {[%emt 00:00:18]}
10. f4 {[%clk 01:29:25]} {[%emt 00:02:24]} Nd7 {[%clk 01:31:26]} {[%emt
00:00:24]} 11. Be3 {[%clk 01:26:04]} {[%emt 00:03:51]} Qb6 {[%clk 01:29:12]}
{[%emt 00:02:43]} 12. Qd2 {[%clk 01:24:16]} {[%emt 00:02:19]} f5 {[%clk
01:25:58]} {[%emt 00:03:44]} 13. exf5 {[%clk 01:19:26]} {[%emt 00:05:19]} Rxf5
{[%clk 01:24:13]} {[%emt 00:02:15]} 14. Rab1 {[%clk 01:13:45]} {[%emt
00:06:11]} e5 {[%clk 01:21:08]} {[%emt 00:03:35]} 15. g4 {[%clk 01:11:15]}
{[%emt 00:03:00]} Rf8 {[%clk 01:18:14]} {[%emt 00:47:57]} 16. Nd5 {[%clk
01:10:26]} Qd8 {[%clk 01:17:30]} 17. Ng3 {[%clk 01:07:52]} exf4 18. Bxf4 {[%clk
01:07:01]} Bd4 {[%clk 01:16:24]} 19. Kh1 {[%clk 01:04:50]} Nde5 {[%clk
01:15:20]} 20. Ne4 {[%clk 01:01:00]} Nxg4 {[%clk 01:11:39]} 21. Bg5 {[%clk
00:58:38]} Qa5 {[%clk 00:57:28]} 22. Ne7 {[%clk 00:57:11]} Kg7 {[%clk
00:56:49]} 23. Qxa5 {[%clk 00:56:29]} Nxa5 {[%clk 00:57:01]} 24. Rxf8 {[%clk
00:56:02]} {[%emt 00:00:24]} Kxf8 {[%clk 00:56:35]} {[%emt 00:00:55]} 25. hxg4
{[%clk 00:55:16]} {[%emt 00:01:15]} Bxg4 {[%clk 00:56:47]} {[%emt 00:00:18]}
26. Rf1 {[%clk 00:54:51]} {[%emt 00:00:56]} Ke8 {[%clk 00:56:21]} {[%emt
00:00:56]} 27. Nxd6 {[%clk 00:54:23]} {[%emt 00:00:58]} Kd7 {[%clk 00:56:26]}
{[%emt 00:00:25]} 28. Nxb7 {[%clk 00:52:32]} {[%emt 00:02:21]} Nxb7 {[%clk
00:56:09]} {[%emt 00:00:47]} 29. Bxb7 {[%clk 00:52:59]} {[%emt 00:00:04]} Rh8
{[%clk 00:54:45]} {[%emt 00:01:54]} 30. Nd5 {[%clk 00:43:43]} {[%emt 00:09:45]}
h6 {[%clk 00:53:30]} {[%emt 00:01:45]} 31. Bf6 {[%clk 00:42:35]} {[%emt
00:01:39]} Rf8 {[%clk 00:51:53]} {[%emt 00:02:06]} 32. Rf4 {[%clk 00:40:01]}
{[%emt 00:03:05]} g5 {[%clk 00:49:04]} {[%emt 00:03:19]} 33. Rxg4 {[%clk
00:39:23]} {[%emt 00:01:07]} Bxf6 {[%clk 00:49:24]} {[%emt 00:00:10]} 34. Nxf6
{[%clk 00:39:11]} {[%emt 00:00:42]} Rxf6 {[%clk 00:49:49]} {[%emt 00:00:05]}
35. Kg2 {[%clk 00:37:55]} {[%emt 00:01:45]} Rb6 {[%clk 00:49:34]} {[%emt
00:00:46]} 36. Be4 {[%clk 00:36:32]} {[%emt 00:01:47]} Rxb2 {[%clk 00:49:50]}
{[%emt 00:00:20]} 37. Kf3 {[%clk 00:36:31]} {[%emt 00:00:31]} Rxa2 {[%clk
00:49:54]} {[%emt 00:00:25]} 38. Rg1 {[%clk 00:36:19]} {[%emt 00:00:42]} a5
{[%clk 00:50:03]} {[%emt 00:00:22]} 39. Rh1 {[%clk 00:33:49]} {[%emt 00:03:00]}
a4 {[%clk 00:49:34]} {[%emt 00:00:58]} 40. Rxh6 {[%clk 00:34:06]} {[%emt
00:00:13]} a3 {[%clk 00:49:52]} {[%emt 00:00:12]} 41. Ra6 {[%clk 00:34:12]}
{[%emt 00:00:24]} Ra1 {[%clk 00:49:34]} {[%emt 00:00:49]} 42. Kg4 {[%clk
00:34:25]} {[%emt 00:00:17]} a2 {[%clk 00:49:36]} {[%emt 00:00:27]} 43. Bg2
{[%clk 00:34:47]} {[%emt 00:00:08]} Rd1 {[%clk 00:48:17]} {[%emt 00:01:49]} 44.
Rxa2 {[%clk 00:34:47]} {[%emt 00:00:31]} Rxd3 {[%clk 00:48:35]} {[%emt
00:00:11]} 45. Bd5 {[%clk 00:34:36]} {[%emt 00:00:41]} Kd6 {[%clk 00:47:44]}
{[%emt 00:01:22]} 46. Kxg5 {[%clk 00:34:04]} {[%emt 00:01:01]} Rxd5 {[%clk
00:47:56]} {[%emt 00:00:18]} 47. cxd5 {[%clk 00:34:20]} {[%emt 00:00:14]} Kxd5
{[%clk 00:48:18]} {[%emt 00:00:08]} 48. Kf4 {[%clk 00:34:42]} {[%emt 00:00:08]}
Kd4 {[%clk 00:48:33]} {[%emt 00:00:16]} 49. Kf3 {[%clk 00:34:48]} {[%emt
00:00:24]} c4 {[%clk 00:47:48]} {[%emt 00:01:14]} 50. Ke2 {[%clk 00:35:06]}
{[%emt 00:00:13]} Kc3 {[%clk 00:47:53]} {[%emt 00:00:24]} 51. Kd1 {[%clk
00:35:24]} {[%emt 00:00:12]} Kb3 {[%clk 00:47:46]} {[%emt 00:00:37]} 52. Ra8
{[%clk 00:35:46]} {[%emt 00:00:08]} Kc3 {[%clk 00:47:21]} {[%emt 00:00:55]} 53.
Kc1 {[%clk 00:35:40]} {[%emt 00:00:36]} Kd3 {[%clk 00:46:34]} {[%emt 00:01:17]}
54. Kb2 {[%clk 00:34:54]} {[%emt 00:01:17]} c3 {[%clk 00:46:31]} {[%emt
00:00:32]} 55. Kb3 {[%clk 00:35:13]} {[%emt 00:00:11]} c2 {[%clk 00:44:25]}
{[%emt 00:02:36]} 56. Rc8 {[%clk 00:35:35]} {[%emt 00:00:07]} c1=B {[%clk
00:44:50]} {[%emt 00:00:06]} 57. Rxc1 {[%clk 00:35:41]} {[%emt 00:00:24]} Kd4
{[%clk 00:45:15]} {[%emt 00:00:05]} 58. Rd1 {[%clk 00:35:15]} {[%emt 00:00:55]}
Kc5 {[%clk 00:45:20]} {[%emt 00:00:26]} 59. Rd3 {[%clk 00:35:23]} {[%emt
00:00:22]} Kb5 {[%clk 00:44:46]} {[%emt 00:01:05]} 60. Rc3 {[%clk 00:35:37]}
{[%emt 00:00:15]} Kb6 {[%clk 00:44:32]} {[%emt 00:00:45]} 61. Rc4 {[%clk
00:35:42]} {[%emt 00:00:25]} Kb5 {[%clk 00:44:51]} {[%emt 00:00:10]} 62. Kc3
{[%clk 00:36:00]} {[%emt 00:00:12]} Ka5 {[%clk 00:44:53]} {[%emt 00:00:28]} 63.
Rb4 {[%clk 00:36:18]} {[%emt 00:00:11]} Ka6 {[%clk 00:45:06]} {[%emt 00:00:18]}
64. Kc4 {[%clk 00:36:37]} {[%emt 00:00:11]} Ka5 {[%clk 00:45:21]} {[%emt
00:00:15]} 65. Rb1 {[%clk 00:36:56]} {[%emt 00:00:12]} Ka6 {[%clk 00:45:43]}
{[%emt 00:00:08]} 66. Kc5 {[%clk 00:36:58]} {[%emt 00:00:27]} Ka7 {[%clk
00:45:46]} {[%emt 00:00:27]} 67. Kc6 {[%clk 00:37:26]} {[%emt 00:00:02]} Ka8
{[%clk 00:45:52]} {[%emt 00:00:24]} 68. Kc7 {[%clk 00:37:53]} {[%emt 00:00:02]}
1-0

[Event "DVM U12 2022"]
[Site "München GER"]
[Date "2022.12.28"]
[Round "4"]
[White "Vesszö, Aaron"]
[Black "Ollhoff, Hannes"]
[Result "1/2-1/2"]
[Termination "normal"]
[Board "3.2"]
[WhiteElo "1369"]
[BlackElo "1247"]
[WhiteClock "00:52:25"]
[BlackClock "00:21:12"]
[WhiteTeam "SchachAkademiePaderborn"]
[BlackTeam "TSG Oberschöneweide"]
[PlyCount "91"]
[WhiteFideId "34619631"]
[BlackFideId "16266927"]
[EventCountry "GER"]
[EventRounds "7"]
[EventType "team-swiss"]
[EventDate "2022.12.26"]

1. d4 {[%clk 01:30:43]} {[%emt 00:00:16]} d5 {[%clk 01:30:48]} {[%emt
00:00:12]} 2. Nf3 {[%clk 01:31:01]} {[%emt 00:00:13]} e6 {[%clk 01:31:04]}
{[%emt 00:00:13]} 3. g3 {[%clk 01:30:52]} {[%emt 00:00:39]} Nf6 {[%clk
01:30:46]} {[%emt 00:00:48]} 4. Bg2 {[%clk 01:29:53]} {[%emt 00:01:30]} Be7
{[%clk 01:29:54]} {[%emt 00:01:22]} 5. O-O {[%clk 01:30:13]} {[%emt 00:00:10]}
Nbd7 {[%clk 01:29:36]} {[%emt 00:00:47]} 6. c4 {[%clk 01:29:36]} {[%emt
00:01:07]} b6 {[%clk 01:28:41]} {[%emt 00:01:25]} 7. Nc3 {[%clk 01:29:33]}
{[%emt 00:00:33]} Bb7 {[%clk 01:27:34]} {[%emt 00:01:36]} 8. Bf4 {[%clk
01:18:11]} {[%emt 00:11:52]} Rc8 {[%clk 01:24:31]} {[%emt 00:03:33]} 9. Ne5
{[%clk 01:13:04]} {[%emt 00:05:37]} O-O {[%clk 01:21:38]} {[%emt 00:03:23]} 10.
Nb5 {[%clk 01:11:01]} {[%emt 00:02:33]} a6 {[%clk 01:17:53]} {[%emt 00:04:14]}
11. Na7 {[%clk 01:10:32]} {[%emt 00:01:00]} Ra8 {[%clk 01:17:13]} {[%emt
00:01:07]} 12. Nac6 {[%clk 01:10:43]} {[%emt 00:00:22]} Qe8 {[%clk 01:13:41]}
{[%emt 00:04:02]} 13. Nxd7 {[%clk 01:06:57]} {[%emt 00:04:16]} Qxd7 {[%clk
01:11:42]} {[%emt 00:02:29]} 14. cxd5 {[%clk 01:01:31]} {[%emt 00:05:55]} exd5
{[%clk 01:05:26]} {[%emt 00:06:46]} 15. Nxe7 {[%clk 01:01:32]} {[%emt
00:00:29]} Qxe7 {[%clk 01:05:40]} {[%emt 00:00:15]} 16. Rc1 {[%clk 01:01:42]}
{[%emt 00:00:22]} c5 {[%clk 01:03:08]} {[%emt 00:03:02]} 17. dxc5 {[%clk
01:01:56]} {[%emt 00:00:16]} bxc5 {[%clk 01:03:25]} {[%emt 00:00:13]} 18. e4
{[%clk 01:01:48]} {[%emt 00:00:38]} d4 {[%clk 00:57:46]} {[%emt 00:06:09]} 19.
Bg5 {[%clk 00:56:26]} {[%emt 00:05:51]} Qe6 {[%clk 00:39:39]} {[%emt 00:18:36]}
20. Bxf6 {[%clk 00:54:04]} {[%emt 00:02:52]} Qxf6 {[%clk 00:38:15]} {[%emt
00:01:54]} 21. Rxc5 {[%clk 00:53:38]} {[%emt 00:00:55]} Rfd8 {[%clk 00:35:19]}
{[%emt 00:03:26]} 22. Qb3 {[%clk 00:50:24]} {[%emt 00:03:45]} Rab8 {[%clk
00:32:20]} {[%emt 00:03:29]} 23. Qd3 {[%clk 00:47:25]} {[%emt 00:03:28]} Qb6
{[%clk 00:29:30]} {[%emt 00:03:20]} 24. Rc2 {[%clk 00:47:03]} {[%emt 00:00:53]}
Qe6 {[%clk 00:25:34]} {[%emt 00:04:23]} 25. b3 {[%clk 00:46:48]} {[%emt
00:00:47]} Rbc8 {[%clk 00:19:49]} {[%emt 00:06:15]} 26. Rfc1 {[%clk 00:46:19]}
{[%emt 00:01:00]} Rxc2 {[%clk 00:18:25]} {[%emt 00:01:55]} 27. Rxc2 {[%clk
00:46:40]} {[%emt 00:00:09]} Qb6 {[%clk 00:17:00]} {[%emt 00:01:54]} 28. a4
{[%clk 00:45:07]} {[%emt 00:02:02]} Qb4 {[%clk 00:11:48]} {[%emt 00:05:41]} 29.
Rc4 {[%clk 00:45:03]} {[%emt 00:00:36]} Qe1 {[%emt 00:03:59]} 30. Qf1 {[%clk
00:42:20]} {[%emt 00:00:06]} Qxf1 {[%clk 00:09:38]} {[%emt 00:02:19]} 31. Kxf1
{[%clk 00:41:32]} {[%emt 00:01:18]} a5 {[%clk 00:08:12]} {[%emt 00:01:55]} 32.
Ke1 {[%clk 00:41:16]} {[%emt 00:00:46]} f5 {[%clk 00:04:54]} {[%emt 00:03:48]}
33. f3 {[%clk 00:40:46]} {[%emt 00:01:00]} fxe4 {[%clk 00:04:16]} {[%emt
00:01:09]} 34. fxe4 {[%clk 00:40:25]} {[%emt 00:00:51]} d3 {[%clk 00:01:18]}
{[%emt 00:03:27]} 35. Kd2 {[%clk 00:40:42]} {[%emt 00:00:13]} Ba6 {[%clk
00:01:36]} {[%emt 00:00:12]} 36. Rc3 {[%clk 00:40:42]} {[%emt 00:00:31]} Rf8
{[%clk 00:01:52]} {[%emt 00:00:12]} 37. Kd1 {[%clk 00:33:43]} {[%emt 00:07:30]}
Rf2 {[%clk 00:01:08]} {[%emt 00:01:11]} 38. Bh3 {[%clk 00:33:27]} {[%emt
00:00:49]} Rxh2 {[%clk 00:01:12]} {[%emt 00:00:26]} 39. Be6 {[%clk 00:33:47]}
{[%emt 00:00:10]} Kf8 {[%clk 00:01:08]} {[%emt 00:00:33]} 40. Bc4 {[%clk
00:33:37]} {[%emt 00:00:40]} Bxc4 {[%clk 00:00:50]} {[%emt 00:00:49]} 41. Rxc4
{[%clk 00:33:37]} {[%emt 00:00:30]} Rg2 {[%clk 00:00:31]} {[%emt 00:00:49]} 42.
Rc8 {[%clk 00:32:23]} {[%emt 00:01:44]} Ke7 {[%clk 00:30:04]} {[%emt 00:00:56]}
43. Rc5 {[%clk 00:55:49]} {[%emt 00:07:04]} Rb2 {[%clk 00:24:17]} {[%emt
00:06:14]} 44. Rxa5 {[%clk 00:53:18]} {[%emt 00:03:05]} Rxb3 {[%clk 00:22:32]}
{[%emt 00:02:15]} 45. Kd2 {[%clk 00:53:28]} {[%emt 00:00:21]} Ra3 {[%clk
00:21:12]} {[%emt 00:01:49]} 46. Ra7 {[%clk 00:52:25]} {[%emt 00:01:33]}
1/2-1/2